zpět

Detail výsledku týmu

Hospoda U Stolínů, Nový Bydžov

Datum a čas kvízu

25.5 Celkem bodů Celkový počet nahraných bodů na tomto kvízu bez doplňovacích otázek.
8. Pořadí na kvízu Konečné umístění týmu na tomto kvízu.

Zaznamenané odpovědi

# Otázka Odpověď Body Výsledky
1. Co bylo hlavní motivací kavárn... C 0
2. Na Slovensku byl schválen záko... B 0
3. Fotografií roku 2025 se v sout... A) konec hlubinné těžby uhlí na Ostravsku 1
4. V pondělí opustila přísně stře... Předmostecká/Předmostí 0
5. Která tenistka zaujala při vst... Naomi Ósaka 1
6. Jak se jmenuje italský horolez... Reinhold Messner 1
7. Jak se trojslovně jmenuje tato... lezení na rychlost 1
8. Jak se jedním slovem nazývá ho... mačky 1
9. Po půl bodu můžete získat, kdy... El Capitan, Yosemite 0
10. Jak se jmenuje fenomenální slo... B) Janja Garnbret 0